LEADER 01120nam0-22003731i-450- 001 990005445260203316 005 20010829120000.0 035 $a000544526 035 $aUSA01000544526 035 $a(ALEPH)000544526USA01 035 $a000544526 100 $a20010829d1995-------|0enac50------ba 101 $aeng 102 $aUS 105 $a|||| ||||| 200 1 $aCompetition policy$ea game theoretic perspective$fLouis Philips 210 $aCambrigde$cCambridge University Press$d1995. 272 p. : graf. e tab. ; 23 cm. 606 $aTEORIA DEI GIOCHI$2FI 606 $aCompetizione$2FI 620 $dCambridge 676 $a338.8$cConcentrazioni di imprese$v21 700 1$aPHLIPS,$bLouis$058186 712 $aCambridge University Press 801 $aIT$bSOL$c20120104 912 $a990005445260203316 950 $aDIP.TO SCIENZE ECONOMICHE - (SA)$dDS 300 338.8 PHI$e76 DISES 951 $a300 338.8 PHI$b76 DISES 959 $aBK 969 $aDISES 979 $c20121027$lUSA01$h1532 979 $c20121027$lUSA01$h1613 996 $aCompetition policy$946224 997 $aUNISA NUM $aUSA4173 LEADER 01946nam 2200385 n 450 001 996386786103316 005 20221108033727.0 035 $a(CKB)1000000000617020 035 $a(EEBO)2240915215 035 $a(UnM)99848629 035 $a(EXLCZ)991000000000617020 100 $a19920114d1589 uy | 101 0 $aeng 135 $aurbn||||a|bb| 200 12$aA booke of Christian exercise, appertaining to resolution, that is, shewing howe that we shoulde resolue our selues to becom Christians indeed: By R.P. Perused and accompanied nowe with a Treatise tending to pacification. by Edmund Bunny$b[electronic resource] 210 $aAt London $cPrinted by I. Charlewood for Iohn Wight, and are to be sold at the great North dore of Paules$d1589 215 $a[50], 500 p 300 $aR.P. = Robert Parsons. 300 $a"A treatise tending to pacification .. By Edmund Bunny" has separate undated title page. 300 $aA Protestant adaptation, by Edmund Bunny, of: Parsons, Robert. The first booke of the Christian exercise. Parsons' work was revised and enlarged in 1585 as: A Christian directory. 300 $aReproduction of the original in the St. John's College (University of Cambridge). Library. 330 $aeebo-0203 606 $aChristian life$xProtestant authors$vEarly works to 1800 615 0$aChristian life$xProtestant authors 701 $aBunny$b Edmund$f1540-1619.$01002895 701 $aBunny$b Edmund$f1540-1619.$01002895 702 $aParsons$b Robert$f1546-1610.$4aut 801 0$bCu-RivES 801 1$bCu-RivES 801 2$bCStRLIN 801 2$bWaOLN 906 $aBOOK 912 $a996386786103316 996 $aA booke of Christian exercise, appertaining to resolution, that is, shewing howe that we shoulde resolue our selues to becom Christians indeed: By R.P. Perused and accompanied nowe with a Treatise tending to pacification. by Edmund Bunny$92335086 997 $aUNISA